International relations theory / (Record no. 2009)

000 -LEADER
fixed length control field 01017cam a2200301 a 4500
001 - CONTROL NUMBER
control field 15682430
003 - CONTROL NUMBER IDENTIFIER
control field OSt
005 - DATE AND TIME OF LATEST TRANSACTION
control field 20160108125120.0
008 - FIXED-LENGTH DATA ELEMENTS--GENERAL INFORMATION
fixed length control field 090401s2010 nyua b 001 0 eng
010 ## - LIBRARY OF CONGRESS CONTROL NUMBER
LC control number 2009014076
020 ## - INTERNATIONAL STANDARD BOOK NUMBER
International Standard Book Number 9780131892613
020 ## - INTERNATIONAL STANDARD BOOK NUMBER
International Standard Book Number 0131892614
035 ## - SYSTEM CONTROL NUMBER
System control number (OCoLC)ocn318672278
040 ## - CATALOGING SOURCE
Original cataloging agency DLC
Transcribing agency DLC
Modifying agency YDX
-- DLC
050 00 - LIBRARY OF CONGRESS CALL NUMBER
Classification number JZ1305.V56 2014
082 00 - DEWEY DECIMAL CLASSIFICATION NUMBER
Classification number 327.101
Edition number 22
100 1# - MAIN ENTRY--PERSONAL NAME
Personal name Viotti, Paul R.
245 10 - TITLE STATEMENT
Title International relations theory /
Statement of responsibility, etc Paul R. Viotti, Mark V. Kauppi.
250 ## - EDITION STATEMENT
Edition statement 4th ed.
260 ## - PUBLICATION, DISTRIBUTION, ETC. (IMPRINT)
Place of publication, distribution, etc New York :
Name of publisher, distributor, etc Longman,
Date of publication, distribution, etc c2014.
300 ## - PHYSICAL DESCRIPTION
Extent xviii, 488 p. :
Other physical details ill. ;
Dimensions 24 cm.
504 ## - BIBLIOGRAPHY, ETC. NOTE
Bibliography, etc Includes bibliographical references and index.
650 #0 - SUBJECT ADDED ENTRY--TOPICAL TERM
Topical term or geographic name as entry element International relations.
700 1# - ADDED ENTRY--PERSONAL NAME
Personal name Kauppi, Mark V.
906 ## - LOCAL DATA ELEMENT F, LDF (RLIN)
a 7
b cbc
c orignew
d 1
e ecip
f 20
g y-gencatlg
942 ## - ADDED ENTRY ELEMENTS (KOHA)
Source of classification or shelving scheme
Koha item type Book
Holdings
Withdrawn status Lost status Source of classification or shelving scheme Damaged status Not for loan Home library Current library Shelving location Date acquired Total Checkouts Total Renewals Full call number Barcode Date last seen Date checked out Copy number Price effective from Koha item type
          Riara University Library Riara University Library General stack 08/01/2016 20 1 JZ1305.V56 2014 6753/16 10/02/2025 16/01/2025 C.1 08/01/2016 Book
          Riara University Library Riara University Library General stack 08/01/2016 16 1 JZ1305.V56 2014 6754/16 12/02/2024 09/02/2024 C.2 08/01/2016 Book
          Riara University Library Riara University Library General stack 08/01/2016 13 3 JZ1305.V56 2014 6755/16 25/07/2023 14/05/2018 C.3 08/01/2016 Book

Riara University Library,
P.O. Box 49940-00100,
Nairobi, Kenya.